Rajasthan service rules (Record no. 61)
[ view plain ]
| 000 -LEADER | |
|---|---|
| fixed length control field | 00520 a2200193 4500 |
| 001 - CONTROL NUMBER | |
| control field | 002278 |
| 003 - CONTROL NUMBER IDENTIFIER | |
| control field | OSt |
| 005 - DATE AND TIME OF LATEST TRANSACTION | |
| control field | 20220112154221.0 |
| 008 - FIXED-LENGTH DATA ELEMENTS--GENERAL INFORMATION | |
| fixed length control field | |
| 082 ## - DEWEY DECIMAL CLASSIFICATION NUMBER | |
| Classification number | 342.0686 |
| Item number | G95R |
| 100 1# - MAIN ENTRY--PERSONAL NAME | |
| Personal name | Gupta, M.S. |
| 245 1# - TITLE STATEMENT | |
| Title | Rajasthan service rules |
| Statement of responsibility, etc | by M.S. Gupta and A. Khandelwal |
| 260 ## - PUBLICATION, DISTRIBUTION, ETC. (IMPRINT) | |
| Place of publication, distribution, etc | Jaipur |
| Name of publisher, distributor, etc | Kishor Book House |
| Date of publication, distribution, etc | 2010 |
| 300 ## - PHYSICAL DESCRIPTION | |
| Extent | 2v. (v.1: 643; v.2: 608p.) |
| 500 ## - GENERAL NOTE | |
| General note | 2270 v.1; 2271 v.2 |
| 653 ## - INDEX TERM--UNCONTROLLED | |
| Uncontrolled term | Central Government Rules |
| 700 ## - ADDED ENTRY--PERSONAL NAME | |
| Personal name | Khandelwal, A. |
| 942 ## - ADDED ENTRY ELEMENTS (KOHA) | |
| Source of classification or shelving scheme | Dewey Decimal Classification |
| Koha item type | Books |
| Withdrawn status | Lost status | Damaged status | Not for loan | Collection code | Home library | Current library | Date acquired | Source of acquisition | Cost, normal purchase price | Total Checkouts | Full call number | Barcode | Date last seen | Date checked out | Price effective from | Koha item type |
|---|---|---|---|---|---|---|---|---|---|---|---|---|---|---|---|---|
| General Text Book | Central University Of Rajasthan | Central University Of Rajasthan | 28/09/2010 | CLB | 325.00 | 1 | 342.0686 G95R | 2270 | 21/11/2024 | 10/07/2023 | 02/09/2020 | Books | ||||
| General Text Book | Central University Of Rajasthan | Central University Of Rajasthan | 28/09/2010 | CLB | 200.00 | 342.0686 G95R | 2271 | 21/11/2024 | 02/09/2020 | Books |
